zpět

Detail výsledku týmu

Infinity c&c bar, Zlín

Datum a čas kvízu

19 Celkem bodů Celkový počet nahraných bodů na tomto kvízu bez doplňovacích otázek.
10. Pořadí na kvízu Konečné umístění týmu na tomto kvízu.

Zaznamenané odpovědi

# Otázka Odpověď Body Výsledky
1. Vláda ve středu večer slavnost... začátek II. sv. války – 1938 místo 1939 0
2. Federální soud USA propustil n... Ronalda Reagana 1
3. Andrej Babiš navštívil festiva... Mirai 0
4. V Moskvě bylo otevřeno prvních... Chutně a tečka / Vkusno & točka 0
5. Český svaz ledního hokeje má o... Alois Hadamczik 0
6. V následujících pěti otázkách... Vykoupení z věznice Shawshank; Tim Robbins a Morgan Freeman 1
7. Francouzská komedie Drž hubu!... Ruby, Quentin 0.5
8. V roce 2013 byl natočen životo... James Hunt, Niki Lauda 1
9. Herci Zdeněk Svěrák a Daniela... Na samotě u lesa, Akumulátor I, Vratné lahve, Betlémské světlo 1
10. Jak se jmenují dva herečtí pře... Jiří Macháček, Marek Taclík 0.5